| 000 | 00709nam a2200217 a 4500 | ||
|---|---|---|---|
| 005 | 20240316063827.0 | ||
| 008 | 010828s1999 r 000 0 eng d | ||
| 020 | _a8433014161 | ||
| 035 | _aUPN01000110575 | ||
| 049 | _aCG | ||
| 050 | 4 |
_aBF592 F3.3 _bF7.48 |
|
| 100 | 1 | _aFridlund, Alan J. | |
| 245 | 1 | 0 |
_aExpresión facial humana : _buna visión evolucionista / _cAlan J. Fridlund ; tr. Jasione Cardas Ibañez. |
| 260 |
_aBilbao, Esp. _bDesclée de Brouwer, _cc1999. |
||
| 300 |
_a385 p. _bil. |
||
| 440 | 0 |
_aBiblioteca de psicología ; _v99 |
|
| 534 |
_pTraducción de: _tHuman facial expression : an evolutionary view |
||
| 650 | 4 |
_aEXPRESION FACIAL _913562 |
|
| 650 | 4 |
_aEmociones _939 |
|
| 905 | _aLibro | ||
| 999 |
_c84484 _d84484 |
||